000 00733nas a2200241 4500
001 BR9509400
003 BR-BrBNA
005 20231205095525.0
007 ta
008 230509b bl.|||p| |||| 00| 00por d
040 _aBR-BrBNA
_bpor
_cBiblioteca Nacional de Agricultura
041 _a(Pt)
072 _aF70
100 1 _aGarcia-Batista, M.
245 1 _aFloracao de Scenedesmus Meyen sobre a areia litoral da lagoa Camboim, Rio Grande do Sul, Brasil
650 _aAlga
650 _aFloracao
650 _aLagoa
650 _aRio Grande do Sul
773 0 _tIheringia. Serie Botanica (Brazil)
_xISSN 0073-4705
_g(Aug 1994), no. 45 p. 21-27
_wBR9509400
909 _a202311
_bLúcia
_c55
_dLúcia Elande
942 _2AGRIS
_n0
_cANA
999 _c151203
_d151203